LEADER 01279nam 2200445 450 001 9910466934503321 005 20200120134205.0 010 $a2-87586-021-6 035 $a(CKB)3790000000024754 035 $a(EBL)2088179 035 $a(MiAaPQ)EBC2088179 035 $a(Au-PeEL)EBL2088179 035 $a(OCoLC)914149437 035 $a(EXLCZ)993790000000024754 100 $a20200120d2014 uy 0 101 0 $afre 135 $aur|n|---||||| 181 $ctxt$2rdacontent 182 $cc$2rdamedia 183 $acr$2rdacarrier 200 10$aTarget fascination /$fMichel Vanvaerenbergh 210 1$aHe?villers :$cKer e?ditions,$d[2014] 210 4$dİ2014 215 $a1 online resource (17 p.) 225 0 $aParoles Aeriennes 300 $aDescription based upon print version of record. 327 $aTarget fascination; Cette histoire vous a plu ?; .Aux e?ditions Ker 410 0$aParoles ae?riennes 606 $aAir pilots$vAnecdotes 608 $aElectronic books. 615 0$aAir pilots 676 $a363.124 700 $aVanvaerenbergh$b Michel$0858429 801 0$bMiAaPQ 801 1$bMiAaPQ 801 2$bMiAaPQ 906 $aBOOK 912 $a9910466934503321 996 $aTarget fascination$92189362 997 $aUNINA LEADER 02097nam 2200409 450 001 9910163350103321 005 20200109062547.0 010 $a1-78289-464-0 035 $a(CKB)3710000001046385 035 $a(MiAaPQ)EBC4808353 035 $a(Au-PeEL)EBL4808353 035 $a(CaPaEBR)ebr11348724 035 $a(OCoLC)974583961 035 $a(BIP)059099271 035 $a(EXLCZ)993710000001046385 100 $a20200109h20131945 uy 0 101 0 $aeng 135 $aurcnu|||||||| 181 $ctxt$2rdacontent 182 $cc$2rdamedia 183 $acr$2rdacarrier 200 00$aAir-ground teamwork on the Western Front $ethe role of the XIX Tactical Air Command during August 1944 210 1$a[Place of publication not identified] :$cPickle Partners Publishing,$d2013. 210 4$d1945 215 $a1 online resource (53 pages) $cillustrations, maps 225 1 $aWings at war series ;$vNumber 5 330 8 $aIllustrated with 6 maps and 1 Illustrations.Air-Ground Teamwork on the Western Front describes close air support and battlefield interdiction in action. A single, month-long campaign-the famous thrust across northern France in August 1944 of Gen. George S. Patton's Third Army and Maj. Gen. O. P. Weyland's XIX Tactical Air Command-became a model for close cooperation between army and aviation forces in future conflicts. This day-by-day, blow-by-blow account shows how the ground forces raced forward, frequently twenty miles per day, because friendly air power protected their flanks, shielded them from the Luftwaffe, and devastated the opposition in front of them.Originally published shortly after key air campaigns, the Wings at War series captures the spirit and tone of America's World War II experience. Eyewitness accounts of Army Air Forces' avia 410 0$aWings at war series ;$vNumber 5. 676 $a940.541273 700 $aAnon$0815482 801 0$bMiAaPQ 801 1$bMiAaPQ 801 2$bMiAaPQ 906 $aBOOK 912 $a9910163350103321 996 $aAir-ground teamwork on the Western Front$93586275 997 $aUNINA